000 00806nam a2200277 a 4500
008
020 _a9781259255427(pbk.)
049 _aMAIN
090 _aHD62.5
_bHIS
100 1 _aHisrich, Robert D.
245 1 0 _aEntrepreneurship /
_cHisrich,Robert D.
250 _a10th ed., international ed.
260 _aNew York :
_b McGraw-Hill,
_cc2017.
300 _axxi, 633 p. ;
_c26 cm.
504 _aIncludes bibliographical references.
500 _aIncludes index.
650 0 _aNew business enterprises
_xManagement.
650 0 _aEntrepreneurship.
700 1 _aPeters, Michael P.
700 _aShepherd, Dean A.
907 _a.b10388746
_b14-02-18
_c13-02-18
003
005 20230123141100.0
040 _cNUST
942 _cBOOKS
_kHD62.5
_mHIS
999 _c167342
_d167342